<?xml version="1.0" encoding="UTF-8"?>
<collection xmlns:xsi="http://www.w3.org/2001/XMLSchema-instance" xsi:schemaLocation="http://www.loc.gov/MARC21/slim http://www.loc.gov/standards/marcxml/schema/MARC21slim.xsd" xmlns="http://www.loc.gov/MARC21/slim">
 <record>
  <leader>00000ctm a22000003a 4500</leader>
  <controlfield tag="001">UP-8027390931314053061</controlfield>
  <controlfield tag="003">Buklod</controlfield>
  <controlfield tag="005">20191104140247.0</controlfield>
  <controlfield tag="006">m    |o  d |      </controlfield>
  <controlfield tag="007">ta</controlfield>
  <controlfield tag="008">191104s        xx     d     r    |||| u|</controlfield>
  <datafield tag="035" ind1=" " ind2=" ">
   <subfield code="a">(iLib)UPVIS-00078230519</subfield>
  </datafield>
  <datafield tag="040" ind1=" " ind2=" ">
   <subfield code="a">upv-gl</subfield>
  </datafield>
  <datafield tag="090" ind1=" " ind2="0">
   <subfield code="a">LG 993 2001 M19 C67</subfield>
  </datafield>
  <datafield tag="245" ind1="1" ind2="0">
   <subfield code="a">Corporatization of the Jesus M. Colmenares District Hospital in Balasan, Iloilo</subfield>
   <subfield code="b">a feasibility study</subfield>
   <subfield code="c">Edron T. Bullo, Jr., Gay D. Debil, Helen L. De la Cruz, Ebeth G. Fabrigar, Annavy O. Paris.</subfield>
  </datafield>
  <datafield tag="264" ind1=" " ind2="1">
   <subfield code="a">2001.</subfield>
  </datafield>
  <datafield tag="300" ind1=" " ind2=" ">
   <subfield code="a">72, [10] leaves.</subfield>
  </datafield>
  <datafield tag="500" ind1=" " ind2=" ">
   <subfield code="a">Research Paper (Mgt 200-Management Research). -- Iloilo City : University of the Philippines in the Visayas - College of Management, March 23, 2001.</subfield>
  </datafield>
  <datafield tag="520" ind1=" " ind2=" ">
   <subfield code="a">The researchers conducted this study to determine if corporatization of the Jesus M. Colmenares District Hospital in Balasa, Iloilo is feasible, and if it is the best alternative to the present problems of the hospital. The researchers also wanted to konw the possible effects of corporatization to the operation of the hospital and to its employees as well. Another purpose of the study is to determine the acceptability of corporatization to the hospital employees. Important hospital records were gathered such as financial statements and list of facilities. The researchers also sought technical assistance from the Department of Health, Provincial Health Office, and from the four catchment municipalities of Jesus M. colmenares District Hospital. The researchers decided to consider the age of the employees, their civil status and their department assigned. The study would be of help to the development of the Jesus M. Colmenares District Hospital in improving their services and facilities. This study will also help in uplifting the services of the health sector specifically in rural areas like Balasan, iloilo. The respondents of the study were the hospital employees. The research instrument used was the questionnaire. The researchers made use of the survey method. After the presentation of findings and analysis, the researchers came up with the conclusion that hospital corporatization is feasible and that it is the best alternative in uplifting the services and facilities of Jesus M. Colmenares District Hospital. The researchers also concluded that the said variables : age, civil status, and department assigned, affected the hospital employees' perception and acceptability of corporatization. The researchers' recommendation is to implement the hospital corporatization to Jesus M. Colmenares district Hospital to improve the services and facilities of the hospital and to uplift the health condition of the four catchment municipalities.</subfield>
  </datafield>
  <datafield tag="700" ind1="1" ind2=" ">
   <subfield code="a">Bullo, Edron Jr. T.</subfield>
  </datafield>
  <datafield tag="852" ind1="0" ind2=" ">
   <subfield code="a">UPVIS</subfield>
   <subfield code="b">UPV-CML</subfield>
   <subfield code="h">LG 993 2001 M19 C67</subfield>
  </datafield>
  <datafield tag="942" ind1=" " ind2=" ">
   <subfield code="a">Thesis</subfield>
  </datafield>
 </record>
</collection>
